Beyond boundaries : (Record no. 163094)
[ view plain ]
| 000 -LEADER | |
|---|---|
| fixed length control field | 00838nam a2200241 a 4500 |
| 008 - FIXED-LENGTH DATA ELEMENTS--GENERAL INFORMATION | |
| fixed length control field | |
| 049 ## - LOCAL HOLDINGS (OCLC) | |
| Holding library | MAIN |
| 090 ## - LOCALLY ASSIGNED LC-TYPE CALL NUMBER (OCLC); LOCAL CALL NUMBER (RLIN) | |
| Classification number (OCLC) (R) ; Classification number, CALL (RLIN) (NR) | S944 BEY |
| 003 - CONTROL NUMBER IDENTIFIER | |
| control field | |
| 005 - DATE AND TIME OF LATEST TRANSACTION | |
| control field | 20230123134257.0 |
| 040 ## - CATALOGING SOURCE | |
| Transcribing agency | NUST |
| 245 10 - TITLE STATEMENT | |
| Title | Beyond boundaries : |
| Remainder of title | transboundary natural resource management in Sub-Saharan Africa / |
| Statement of responsibility, etc. | van der Linde, Harry [et al.] |
| 246 ## - VARYING FORM OF TITLE | |
| Title proper/short title | Transboundary natural resource management in Sub- Saharan Africa. |
| 260 ## - PUBLICATION, DISTRIBUTION, ETC. | |
| Place of publication, distribution, etc. | Washington D.C. : |
| Name of publisher, distributor, etc. | Biodiversity Support Programme, |
| Date of publication, distribution, etc. | 2001. |
| 300 ## - PHYSICAL DESCRIPTION | |
| Extent | xxi, 166 p. : |
| Other physical details | ill. (some col.), Maps, |
| Dimensions | 28 cm. |
| 504 ## - BIBLIOGRAPHY, ETC. NOTE | |
| Bibliography, etc. note | Includes bibliographical references. |
| 700 ## - ADDED ENTRY--PERSONAL NAME | |
| Personal name | Yemeserach Tessema |
| 700 ## - ADDED ENTRY--PERSONAL NAME | |
| Personal name | Deborah Snelson |
| 700 ## - ADDED ENTRY--PERSONAL NAME | |
| Personal name | Trevor Sandwith |
| 700 ## - ADDED ENTRY--PERSONAL NAME | |
| Personal name | Judy Oglethorpe |
| 907 ## - LOCAL DATA ELEMENT G, LDG (RLIN) | |
| a | .b10217605 |
| b | 22-02-07 |
| c | 17-10-06 |
| 942 ## - ADDED ENTRY ELEMENTS (KOHA) | |
| Koha item type | Ordinary Loan Books |
| Call number prefix | S944 BEY |
| Date last seen | Total Checkouts | Full call number | Barcode | Cost, replacement price | Price effective from | Koha item type | Lost status | Source of classification or shelving scheme | Damaged status | Not for loan | Collection | Withdrawn status | Home library | Current library | Shelving location | Date acquired | Cost, normal purchase price |
|---|---|---|---|---|---|---|---|---|---|---|---|---|---|---|---|---|---|
| 01/23/2023 | 3 | S944 BEY | 92003015212 | 80.00 | 01/23/2023 | BOOKS | LCC | NFIC | MAIN | MAIN | GEN | 01/23/2023 | 80.00 |